00429 a2200133 450000100060000004000240000610000190003024000480004924500430009765000240014094200070016495201070017199900170027847358 cAnchieta - Aquarius aWaddel, Martin10aVocê não consegue dormir, ursinho?lpor10aVocê não consegue dormir, ursinho? 4aLiteratura infantil cBK 00104070a87.1b87.1d2023-11-21l0oLI 028.5 WAD VOCp5970/AQUr2023-11-21 15:14:13w2023-11-21yBK c47358d47358